00532 2200181 4500001002100000005001500021035002000036008004100056245010700097100002000204260002600224300002700250084001800277082000800295650001100303020001600314990002000330INLIS00000000000795220260430025345 a0010-0426000140260430 0 ind 1 aBroken Windows Broken Business :bHow The Smallest Remedies Reap The Biggest Rewards /cMichael Levine aLevine, Michael aJakarta :bPPM,c2007 a167 hlm. ;c24 x 15 cm a650 LEV B C.1 a650 4aBisnis a979442218-5 a260311200011292